000 00301nam a2200133Ia 4500
005 20251222153557.0
008 251222s9999||||xx |||||||||||||| ||spa||
082 _a616/B47
100 _aBethlem, Jaap
245 0 _aEnfermedades Neuromusculares
250 _a1ra.ed.
264 _bASEM
942 _cLIB
999 _c31061
_d31061